La mujer soltera en la obra de Tertuliano

Uloženo v:
Podrobná bibliografie
Hlavní autor: Dávila Iglesias, Rosa
Médium: Kniha
Jazyk:Undetermined
Vydáno: Madrid, España Universidad de Salamanca 1986
Témata:
Tagy: Přidat tag
Žádné tagy, Buďte první, kdo vytvoří štítek k tomuto záznamu!

MARC

LEADER 00000nam a2200000Ia 4500
008 170316s9999 xx 000 0 und d
090 |a 801 D-2m 
100 |a Dávila Iglesias, Rosa 
245 |a La mujer soltera en la obra de Tertuliano 
260 |a Madrid, España 
260 |b Universidad de Salamanca 
260 |c 1986 
300 |a 36 páginas 
650 |a TEORÍA LITERARIA 
650 |a LITERTURA AGRICANA-S.II-III 
650 |a TERTULIANO QUINTO 
650 |a MUJER-LITERATURA 
999 |c 20239  |d 20239 
040 |a cru BVZT 
942 |c 15 D  |h 801 D-2m  |2 z